000 00411nam a2200145Ia 4500
008 240729s9999 xx 000 0 und d
022 _a2353-8821
245 0 _aEntrepreneurial Business and Economics Review
260 _aPoland
260 _bCracow University of Economics
650 _aSocial Sciences
856 _uhttps://doaj.org/toc/b462ec588b68402bb6ce199778f0376e
942 _2ddc
942 _cDOAJEJ
999 _c65717
_d65717
945 _a1
_bMadushi Gamage
_c1
_dMadushi Gamage